| 000 | 00418nam a2200169Ia 4500 | ||
|---|---|---|---|
| 008 | 140306s9999 xx 000 0 und d | ||
| 020 | _a9788125940562 | ||
| 041 | _aeng | ||
| 082 |
_a651.7 _bMAD/BU |
||
| 100 | _aMadhukar, R.K | ||
| 245 | _aBusiness Communication | ||
| 250 | _a2 | ||
| 260 |
_aNew Delhi _bVikas Publishing House Private Limited _c2010 |
||
| 300 | _a427 | ||
| 365 | _bRs.295/- | ||
| 942 |
_2ddc _cBK |
||
| 999 |
_c188125 _d188125 |
||